Observaciones sobre el juicio de liquidación de la casa Artola y Ca. en Cobija, entre los señores D. José María Artola, socio comanditario, y D. Eduardo García Quijano, uno de los socios jestores de dicha casa, sometido a la decisión de los árbitros D. B. Brown y D. Tomás B. Garland, del comercio de Valparaíso

I tiakina i:
Ngā taipitopito rārangi puna kōrero
Kaituhi matua: Artola, José María (Author)
Hōputu: Pukapuka
Reo:Pāniora
I whakaputaina: Valparaíso Imprenta y Librería del Mercurio, de Santos Tornero y Ca 1854
Putanga:1a. ed
Ngā marau:
Ngā Tūtohu: Tāpirihia he Tūtohu
Kāore He Tūtohu, Me noho koe te mea tuatahi ki te tūtohu i tēnei pūkete!

MARC

LEADER 00000nam a2200000 a 4500
001 UCJ4601
003 CL-VaPUC
008 070124e18540000CL |||||||||||||||||spa|d
082 0 4 |a 983  |b ART  |2 21 
100 0 |a Artola, José María  |e author  |9 508623 
245 1 0 |a Observaciones sobre el juicio de liquidación de la casa Artola y Ca. en Cobija, entre los señores D. José María Artola, socio comanditario, y D. Eduardo García Quijano, uno de los socios jestores de dicha casa, sometido a la decisión de los árbitros D. B. Brown y D. Tomás B. Garland, del comercio de Valparaíso 
250 |a 1a. ed 
300 |a 149 p 
942 |c BK 
945 |d 20070124 00:00:00  |a rinostro 
260 |a Valparaíso  |b Imprenta y Librería del Mercurio, de Santos Tornero y Ca  |c 1854 
500 |a La copia N§ 2 está incompleta, faltan las últimas páginas y se ubica en el FHP. La copia 1 se encuentra empastada junto a otras nueve monografías en un vol. rotulado Alegatos, 983 ART 
600 0 7 |a JAMES, FAUSTINO  |2 CL-VaPUC  |9 508624 
600 0 7 |a BROWN, BARTOLOME  |2 CL-VaPUC  |9 508625 
600 0 7 |a GARLAND, TOMAS B  |2 CL-VaPUC  |9 508626 
650 0 |a Juicios civiles  |9 506779 
650 0 |a Empresas comerciales  |9 334163 
650 0 |a Sociedades comerciales   |9 257290 
650 7 |a DOCUMENTOS  |2 CL-VaPUC  |9 366450 
651 7 |a COBIJA  |2 CL-VaPUC  |9 504212 
651 0 |a Valparaíso, Chile  |9 261144 
583 |a last modification  |c 20070124 00:00:00  |k Rodrigo Vera 
999 |c 320717  |d 320715 
952 |0 0  |1 0  |4 0  |6 983_000000000000000_ART_1854  |7 0  |8 X  |9 399299  |a FDOBUD  |b FDOBUD  |d 2019-11-22  |i 1021753  |o 983 ART 1854  |p 1021753  |r 2019-11-22  |w 2019-11-22  |y BK_X  |k BUD 
952 |0 0  |1 0  |4 0  |6 983_000000000000000_ART_1854  |7 0  |8 X  |9 399300  |a FDOBUD  |b FDOBUD  |d 2019-11-22  |i 1075632  |o 983 ART 1854  |p 1075632  |r 2019-11-22  |w 2019-11-22  |y BK_X  |k BUD